Priame predaje Fondu národného majetku SR v rokoch 1995 až 1997

Priame predaje FNM SR za roky 1995-1997. Názov a sídlo privatizovaného podniku, účtovná hodnota, akcie, majetok, kupujúci, kúpna cena, splátky, investície.

Saved in:
Bibliographic Details
Format: Book
Language:Slovak
Subjects:
Tags: Add Tag
No Tags, Be the first to tag this record!

MARC

LEADER 00000nam a2200000 4500
001 r030691
005 20230921083340.7
041 0 |a slo 
044 |a SK 
245 1 0 |a Priame predaje Fondu národného majetku SR v rokoch 1995 až 1997 
520 |a Priame predaje FNM SR za roky 1995-1997. Názov a sídlo privatizovaného podniku, účtovná hodnota, akcie, majetok, kupujúci, kúpna cena, splátky, investície. 
610 2 0 |a privatizácia 
610 2 0 |a predaj priamy 
610 2 0 |a podnik štátny 
610 2 0 |a hodnota podniku 
610 2 0 |a akcie 
610 2 0 |a ceny kúpne 
610 2 0 |a investície 
610 2 0 |a Slovensko 
610 2 0 |a FNM SR Bratislava 
610 2 0 |a 1995-1997